[Event "GER-chT U14 Girls"]
[Site "Neumuenster"]
[Date "2019.12.28"]
[Round "3.8"]
[White "Braeutigam, Katerina"]
[Black "Heintz, Lilly"]
[Result "1-0"]
[WhiteElo "1660"]
[BlackElo "1219"]
[PlyCount "75"]
[EventDate "2019.12.27"]
[EventType "team-swiss"]
[EventRounds "7"]
[EventCountry "GER"]
[SourceTitle "CBM 194 Extra"]
[Source "ChessBase"]
[SourceDate "2020.03.31"]
[SourceVersion "1"]
[SourceVersionDate "2020.03.31"]
[SourceQuality "1"]
[WhiteTeam "Elmshorn"]
[BlackTeam "Leipzig Lindenau"]
[WhiteTeamCountry "GER"]
[BlackTeamCountry "GER"]

1. e4 e5 2. Nf3 Nc6 3. Bb5 d6 4. c3 Nf6 5. d3 Bd7 6. 0-0 g6 7. Re1 Bg7 8. Nbd2 0-0 9. d4 Re8 10. d5 Ne7 11. Bd3 c6 12. c4 a6 13. a4 Qc7 14. a5 Rf8 15. b4 Ne8 16. Ba3 f5 17. dxc6 Nxc6 18. Qb3 Kh8 19. Rac1 Be6 20. Qb1 Qd8 21. Nf1 Rc8 22. Ne3 Qf6 23. Rcd1 Ne7 24. Rd2 Qf7 25. Ng5 Qf6 26. Nxe6 Qxe6 27. Red1 Rd8 28. Bf1 f4 29. Nd5 Nxd5 30. exd5 Qg4 31. f3 Qg5 32. c5 Rf7 33. c6 Rc7 34. cxb7 Rxb7 35. Bxa6 Ra7 36. b5 Rb8 37. Qd3 Rba8 38. b6 1-0

[Event "GER-chT U14 Girls"]
[Site "Neumuenster"]
[Date "2019.12.27"]
[Round "2.4"]
[White "Heintz, Lilly"]
[Black "Werner, Rosalie"]
[Result "0-1"]
[WhiteElo "1219"]
[BlackElo "1674"]
[PlyCount "58"]
[EventDate "2019.12.27"]
[EventType "team-swiss"]
[EventRounds "7"]
[EventCountry "GER"]
[SourceTitle "CBM 194 Extra"]
[Source "ChessBase"]
[SourceDate "2020.03.31"]
[SourceVersion "1"]
[SourceVersionDate "2020.03.31"]
[SourceQuality "1"]
[WhiteTeam "Leipzig Lindenau"]
[BlackTeam "Offenbach"]
[WhiteTeamCountry "GER"]
[BlackTeamCountry "GER"]

1. d4 e6 2. Nf3 d5 3. c4 Nf6 4. Nc3 Be7 5. Bf4 c6 6. e3 Nbd7 7. cxd5 exd5 8. g3 0-0 9. Bg2 Qb6 10. Qc2 Re8 11. 0-0 Nf8 12. Rfe1 Ne6 13. Ne2 Ne4 14. Ne5 g5 15. Bxe4 dxe4 16. Qxe4 Ng7 17. b3 gxf4 18. Nxf4 Bd6 19. Qg2 Bxe5 20. dxe5 Rxe5 21. Rad1 Bf5 22. h4 Rd8 23. Qf1 Re7 24. Kh2 Rxd1 25. Rxd1 Rd7 26. Re1 Rd2 27. Re2 Qd8 28. Qa1 Be4 29. Qc1 Rd1 0-1

[Event "GER-chT U14 Girls"]
[Site "Neumuenster"]
[Date "2018.12.28"]
[Round "4.2"]
[White "Heintz, Lilly"]
[Black "Klahold, Rona"]
[Result "0-1"]
[WhiteElo "1057"]
[BlackElo "1355"]
[PlyCount "70"]
[EventDate "2018.12.27"]
[EventType "team-swiss"]
[EventRounds "7"]
[EventCountry "GER"]
[SourceTitle "CBM 188 Extra"]
[Source "ChessBase"]
[SourceDate "2019.02.26"]
[SourceVersion "1"]
[SourceVersionDate "2019.02.26"]
[SourceQuality "1"]
[WhiteTeam "Leipzig Lindenau"]
[BlackTeam "Guetersloh"]
[WhiteTeamCountry "GER"]
[BlackTeamCountry "GER"]

1. e4 e5 2. Nf3 Nc6 3. Bc4 Nf6 4. Nc3 Bc5 5. d3 Ng4 6. 0-0 d6 7. h3 Nf6 8. Be3 Bb6 9. Re1 Be6 10. Bb3 Nd4 11. Bxd4 Bxd4 12. Nxd4 exd4 13. Ne2 c5 14. Nf4 Bd7 15. Nd5 0-0 16. c4 Nxd5 17. cxd5 Qg5 18. Qf3 Rae8 19. Kh1 f5 20. exf5 Bxf5 21. Rxe8 Rxe8 22. Rg1 Rf8 23. Qd1 Qh4 24. Qe1 Bxh3 25. Rf1 Bf5+ 26. Kg1 Bxd3 27. Qd1 Bxf1 28. Qxf1 Rf6 29. Qe2 Kf7 30. Bc2 c4 31. Bb1 d3 32. Qd2 b5 33. a3 a5 34. Qe3 Qf4 35. Qe1 d2 0-1

[Event "BL2 Ost 1617 (Women)"]
[Site "Germany"]
[Date "2017.03.26"]
[Round "7.6"]
[White "Heintz, Lilly"]
[Black "Heyme, Sibylle"]
[Result "0-1"]
[WhiteElo "1118"]
[BlackElo "2028"]
[PlyCount "92"]
[EventDate "2016.10.22"]
[EventType "team-tourn"]
[EventRounds "7"]
[EventCountry "GER"]
[SourceTitle "EXT 2018"]
[Source "ChessBase"]
[SourceDate "2017.10.13"]
[SourceVersion "1"]
[SourceVersionDate "2017.10.13"]
[SourceQuality "1"]
[WhiteTeam "Leipzig Lindenau (W)"]
[BlackTeam "Rotation Pankow (W)"]
[WhiteTeamCountry "GER"]
[BlackTeamCountry "GER"]

1. e4 d6 2. Nc3 Nf6 3. Nf3 g6 4. b3 Bg7 5. Bb2 c5 6. d3 Nc6 7. Be2 a6 8. Nd5 e5 9. Nc3 0-0 10. Qd2 b5 11. Bc1 Bb7 12. 0-0 Rc8 13. Qd1 Nd4 14. Be3 Re8 15. Qd2 d5 16. exd5 Nxd5 17. Nxd5 Bxd5 18. Nxd4 cxd4 19. Bh6 Bxh6 20. Qxh6 Rxc2 21. Rfe1 Qf6 22. f3 Qd6 23. Bd1 Rc3 24. Rb1 Rxd3 25. Rb2 Rc3 26. Rf2 Bc6 27. Bc2 d3 28. Bb1 b4 29. Rd2 Qd4+ 30. Qe3 Qxe3+ 31. Rxe3 Rc1+ 32. Kf2 Rxb1 33. Rexd3 Bb5 34. Rd6 e4 35. fxe4 Rxe4 36. h3 h5 37. a4 bxa3 38. Rb6 Rxb3 39. Rc2 Rb2 40. Rxb2 axb2 41. Rb8+ Kg7 42. Rc8 b1Q 43. Kg3 h4+ 44. Kh2 Re1 45. Rg8+ Kxg8 46. g3 Qb2# 0-1